| 000 | 00432cam a2200181ua 4500 | ||
|---|---|---|---|
| 020 | _c325.00 | ||
| 041 |
_aeng _h |
||
| 082 |
_a519.062 _bDAS/EN |
||
| 100 | _aDass, H.K . | ||
| 245 |
_aEngineering mathematics / _cH.K.Dass. _hTextual Documents |
||
| 250 |
_a11 / _b. |
||
| 260 |
_aNew Delhi : _bS.Chand and Co , _c2004. |
||
| 300 | _a1060 ; . | ||
| 365 | _a325.00 | ||
| 504 | _a | ||
| 942 | _cBK | ||
| 999 |
_c12241 _d12241 |
||